00437nam a2200085Ia 4500008004100000245017200041260000900213300010200222650002700324180130s9999 xx 000 0 und d cHabiba, Umme; Masood, Rahat; Shibli, Muhammad Awais; Niazi, Muaz A.aCloud identity: management security issues & solutions: law of internet and information technology c2015 aBook title: Law of the internet and information technology--Acession number C20543; pages 253-298 aINFORMATION TECHNOLOGY